| 000 | 00756nam a2200217 a 4500 | ||
|---|---|---|---|
| 001 | 000025135 | ||
| 005 | 20200930023600.0 | ||
| 008 | 110210s1989 cu r 000 j spa d | ||
| 040 |
_aDO-SdBNP _bspa _cBNPHU |
||
| 082 |
_aCu863.42 _bA859e |
||
| 245 | 0 | 1 |
_aAstronomía se escribe con G / _cselección Alí Salazar ; edición Sonia M. Roche Pérez. |
| 260 |
_aLa Habana, (Cuba) : _bEditora Abril, _c1989. |
||
| 300 |
_a196, [2] p. ; _c20 cm. |
||
| 500 | _aSelección de cuentos de ciencia ficción, Concuros Juventud Técnica | ||
| 650 | 4 |
_aCuentos cubanos _91482 |
|
| 650 | 4 |
_aGastronomía _zCuba _xCuentos _951531 |
|
| 650 | 4 |
_aLiteratura cubana _91483 |
|
| 700 | 1 |
_aSalazar, Alí _951532 |
|
| 700 | 1 |
_aRoche Pérez, Sonia M., _eed. _951533 |
|
| 049 | _aBNGR | ||
| 999 |
_c24628 _d24628 |
||